Home Print Resources E-Books E-Journals IIMT Lecture Series Library Membership Form Book Recommendation Form Campus Tour Take AdmissionAbout Us Contact Us

TEXT BOOK OF COMMUNITY NUTRITION (Record no. 40833)

000 -LEADER
fixed length control field 00367nam a22001577a 4500
003 - CONTROL NUMBER IDENTIFIER
control field OSt
005 - DATE AND TIME OF LATEST TRANSACTION
control field 20231121041926.0
008 - FIXED-LENGTH DATA ELEMENTS--GENERAL INFORMATION
fixed length control field 171031b xxu||||| |||| 00| 0 eng d
020 ## - INTERNATIONAL STANDARD BOOK NUMBER
International Standard Book Number 978-81-7164-074-4
040 ## - CATALOGING SOURCE
Transcribing agency SEROSOFT
100 ## - MAIN ENTRY--PERSONAL NAME
Personal name SEHGAL S
245 ## - TITLE STATEMENT
Title TEXT BOOK OF COMMUNITY NUTRITION
260 ## - PUBLICATION, DISTRIBUTION, ETC.
Name of publisher, distributor, etc. DIPA,ICAR
Date of publication, distribution, etc. 2007
300 ## - PHYSICAL DESCRIPTION
Extent 1ED
942 ## - ADDED ENTRY ELEMENTS (KOHA)
Source of classification or shelving scheme
Koha item type Text-Book- for 7 days
Edition 1ED
Holdings
Withdrawn status Lost status Source of classification or shelving scheme Damaged status Not for loan Home library Current library Date acquired Source of acquisition Cost, normal purchase price Total Checkouts Total Renewals Barcode Date last seen Date last checked out Uniform Resource Identifier Cost, replacement price Price effective from Koha item type
          IIMT University Central Library Meerut IIMT University Central Library Meerut 10/31/2017 BANSAL BOOKS 600.00 6 3 01-B-125597 07/03/2024 03/13/2024 HOME SCIENCE 600.00 10/31/2017 Book Bank
          IIMT University Central Library Meerut IIMT University Central Library Meerut 10/31/2017 BANSAL BOOKS 600.00 4   01-B-125598 07/26/2023 03/11/2023 HOME SCIENCE 600.00 10/31/2017 Book Bank
IIMT, Central Library. All Rights Reserved IIMT,UNIVERSITY © 2023
Implemented and Customised by I CLOUDE EMS
You Are OPAC Visitor No
free web counter

Powered by Koha